=LDR 00000nam 2200000 4500 =001 INLIS000000000026439 =005 20130612124900 =008 ***********************************ind** =035 ##$$0010-061300000026439 =041 ##$$a ind =082 ##$$a 621.314 =090 ##$$a 621.314, SUM t =100 ##$$a Sumanto =245 ##$$a Teori transformator, Sumanto =260 ##$$a 1996 $b Yogyakarta =300 ##$$a vi, 168 hlm., 23 cm =650 ##$$a Transformator =850 ##$$a NBPNMAT